000 00465 a2200169 4500
003 OSt
005 20240127122537.0
008 240127b |||||||| |||| 00| 0 eng d
040 _coclc
082 _a322
_bJOS/K
100 _aJoshy, K.K.
_910322
245 _aKapada Desheeyathayude Nayattukal /
_cK.K. Joshy
250 _a1st ed.
260 _aCalicut:
_bIPB Books,
_c2019.
300 _a178p.
942 _2ddc
_cBK
_h322
_iJOS/K
_k322
_mJOS/K
999 _c43330
_d43330